01002 a2200205 4500003000500000005001700005020001500022040000900037082001600046100003100062245003400093260003000127300001100157505031900168650001200487942002600499999001900525952012600544952012600670NUST20230127144910.0 a0333977017 cNust a907.106,CAR aCarr, Edward Hallett93045 aWhat is history? /cE.H. Carr bPalgrave6E.H. Carrc1986 a155:p. aIntroduction (Page-ix), Introductory Note (Page xlvii), Preface to the Second Edition (Page-xlix), The Historian and his Facts (Page-1), Society and the Individual (Page-25), History Science and Morality (Page-50), Causation in History (Page-81), History as Progress (Page-103), The Widening Horizon (Page-128).  aHistory 2ddccBKk907.1068,CAR c186161d186161 00102ddc4070aMCSbMCScGENd2016-12-12o907.1068,CARpMCS33544r2016-12-08w2016-12-12yBKzAlmirah No.75, Shelf No.4 00102ddc4070aMCSbMCScGENd2016-12-12o907.1068,CARpMCS33545r2016-12-08w2016-12-12yBKzAlmirah No.58, Shelf No.3